Buddhism path to nirvana / (Record no. 146515)

MARC details
000 -LEADER
fixed length control field 00587nam a22001937a 4500
005 - DATE AND TIME OF LATEST TRANSACTION
control field 20171012115808.0
010 ## - LCCN (DPL NO)
LC control number ENG-120850
020 ## - INTERNATIONAL STANDARD BOOK NUMBER
Terms of availability 65.00
International Standard Book Number 9788182569201
035 ## - SYSTEM CONTROL NUMBER
System control number EN-104382
037 ## - SOURCE OF ACQUISITION
Source of stock number/acquisition DBAD/PUB
082 ## - DEWEY DECIMAL CLASSIFICATION NUMBER
Classification number 250
100 ## - MAIN ENTRY--PERSONAL NAME
Personal name Upadhyaya, K. N.
245 ## - TITLE STATEMENT
Title Buddhism path to nirvana /
Statement of responsibility, etc by K. N. Upadhyaya
260 ## - PUBLICATION, DISTRIBUTION, ETC. (IMPRINT)
Place of publication, distribution, etc Punjab
Name of publisher, distributor, etc Radha Soami Satsang Beas
Date of publication, distribution, etc 2010
270 ## - ADDRESS
Address Dera Baba Jaimal Singh
City Punjab
Postal code 143204
300 ## - PHYSICAL DESCRIPTION
Extent xviii,386p.
Dimensions 23 Cm.(pbk)
500 ## - GENERAL NOTE
General note Includes Bibliographical Reference and Index
942 ## - ADDED ENTRY ELEMENTS (KOHA)
Source of classification or shelving scheme Dewey Decimal Classification
Item type English Books
Classification part 250
Call number prefix UPA
Holdings
Withdrawn status Lost status Not for loan Collection code Home library Current library Date acquired Source of acquisition Cost, normal purchase price Full call number Barcode Copy number Cost, replacement price Koha item type
    Not For Loan Non-fiction D.B.Act.Division Bawana 12/10/2017 DBAD/PUB 65.00 250 UPA EN-104382 1 65.00 English Books

© Delhi Public Library
Hit Counter
free hit counter